000 00761nam a2200205Ii 4500
003 JO-AjNU
008 230605s9999||||xx |||||||||||||| ||und||
040 _aJO-AjNU
_bara
_erda
_cJO-AjNU
041 _aara
050 1 4 _aBP144.A826 1985
100 3 _aالعتيبي، محمد بن عبد الله ، سالم بن محمد الرواحي ، سعيد بن حميد الرمحي,
_eauthor
_940916
245 0 0 _aفقه العبادات
250 _aط1
264 3 1 _aسلطنة عمان: وزارة التربية والتعليم وشؤون الشباب، 1985
300 _a273ص
336 _atext
_btxt
_2rdacontent
337 _aunmediated
_bn
_2rdamedia
338 _avolume
_bnc
_2rdacarrier
650 4 _aالعبادات- فقه اسلامي
_940917
999 _aA17402
_c20970
_d20970